00493nam a22001337a 4500008004100000020001500041050002300056100002800079245011700107260005000224300003100274650002700305650002700332150925b xxu||||| |||| 00| 0 eng d a0923521003 aHF 5718 .A325 1991 aAdler, Elizabethd 1991 aPrint That Works:bThe First Step-by-Step Guide That Integrates Writing, Design, and MarketingcElizabeth, Adler aCalifornia:bBull Publishing Company,c 1991. a400p:ill.bincludes index. aBusiness Communication aNewsletters-Publishing